000 00337cam a2200133ua 4500
041 _aeng
_h
082 _a823.308
_bRIC/CL
100 _aRichardson, samuel .
245 _aClarissa /
_cSamuel,Richardson.
_hTextual Documents
260 _aLondon :
_bEverymans Library ,
_c1962.
300 _a598 ; .
504 _a
999 _c11835
_d11835